| 000 | 00361nam a22001457a 4500 | ||
|---|---|---|---|
| 020 | _a978-81-8204-073-1 | ||
| 082 |
_a647.01 _bVER |
||
| 100 | _aVERMA, M.P | ||
| 245 | _aRESEARCH PROCESS IN HOSPITILITY & TOURISM | ||
| 260 |
_aDELHI _bAMAN PUBLISHER _c2013 |
||
| 300 | _a199 | ||
| 650 | _aHOSPITALITY MANAGEMENT | ||
| 653 | _aRESEARCH ,TOURISM | ||
| 942 |
_2ddc _cBK |
||
| 999 |
_c8110 _d8110 |
||